Datum a čas kvízu
23
Celkem bodů
Celkový počet nahraných bodů na tomto kvízu bez doplňovacích otázek.
9.
Pořadí na kvízu
Konečné umístění týmu na tomto kvízu.
Zaznamenané odpovědi
| # | Otázka | Odpověď | Body | Výsledky |
|---|---|---|---|---|
| 1. | V sobotu bylo pro veřejnost ot... | Most, též Mostecké jezero | 1 | |
| 2. | Rádio Svobodná Evropa se poprv... | Maďarsko | 0 | |
| 3. | Minulý týden byla v pražské ga... | David Černý | 1 | |
| 4. | Američtí biologové naklonovali... | Převalského | 0 | |
| 5. | Bývalá úspěšná biatlonistka a... | badminton | 1 | |
| 6. | Za celou historii udělování No... | Marie Curie-Skłodowská | 1 | |
| 7. | Pouze dvěma Čechům v historii... | Jaroslav Heyrovský, Jaroslav Seifert | 1 | |
| 8. | Dva laureáti Nobelovy ceny za... | Boris Pasternak, Jean-Paul Sartre | 0.5 | |
| 9. | Přiřaďte laureáty Nobelových c... | 1A 2B 3C 4D | 0 | |
| 10. | Vyberte nepravdivé tvrzení o p... | C | 0 |